[Event "LAT-ch"]
[Site "Riga"]
[Date "2012.05.04"]
[Round "8"]
[White "Mustaps, Matiss"]
[Black "Chehlov, Aleksander"]
[Result "1-0"]
[WhiteElo "2278"]
[BlackElo "2156"]
[PlyCount "91"]
[EventDate "2012.04.29"]
[EventType "swiss"]
[EventRounds "9"]
[EventCountry "LAT"]
[SourceTitle "CBM 148 Extra"]
[Source "ChessBase"]
[SourceDate "2012.06.22"]
[SourceVersion "1"]
[SourceVersionDate "2012.06.22"]
[SourceQuality "1"]

1. e4 c5 2. Nf3 d6 3. d4 cxd4 4. Nxd4 Nf6 5. Nc3 Nc6 6. Bc4 Qb6 7. Nb3 e6 8. 0-0 Be7 9. Be3 Qc7 10. f4 0-0 11. Qf3 a6 12. Bd3 Nb4 13. Rac1 Nxd3 14. cxd3 Qd8 15. g4 Nd7 16. Ne2 a5 17. Ng3 a4 18. Nd4 Nc5 19. Rcd1 Qb6 20. Rd2 Qa6 21. g5 Nxd3 22. Rfd1 Nc5 23. f5 Bd8 24. f6 g6 25. Qg4 Kh8 26. Qh4 Ba5 27. Qh6 Rg8 28. Rf2 e5 29. Ngf5 Bxf5 30. exf5 Nd7 31. Rf3 Nf8 32. Ne6 fxe6 33. fxe6 Qe2 34. Rdf1 Nxe6 35. f7 Rg7 36. R1f2 Qd1+ 37. Rf1 Qd5 38. f8Q+ Nxf8 39. Rxf8+ Rxf8 40. Rxf8+ Rg8 41. h4 Qxa2 42. h5 Qb1+ 43. Kh2 Qxb2+ 44. Bf2 e4 45. hxg6 Qe5+ 46. Kg2 1-0

[Event "Chigorin Memorial 19th"]
[Site "St Petersburg"]
[Date "2011.10.15"]
[Round "2"]
[White "Chehlov, Aleksander"]
[Black "Bezulenko, Evgeny"]
[Result "0-1"]
[WhiteElo "2211"]
[BlackElo "1953"]
[PlyCount "94"]
[EventDate "2011.10.14"]
[EventType "swiss"]
[EventRounds "9"]
[EventCountry "RUS"]
[SourceTitle "CBM 144 Extra"]
[Source "ChessBase"]
[SourceDate "2011.10.28"]
[SourceVersion "1"]
[SourceVersionDate "2011.10.28"]
[SourceQuality "1"]

1. e4 g6 2. d4 Bg7 3. Nc3 d6 4. Nf3 Nf6 5. Be2 0-0 6. 0-0 c6 7. a4 a5 8. Bg5 Na6 9. Qd2 Bg4 10. h3 Bxf3 11. Bxf3 Nb4 12. Ne2 d5 13. e5 Ne4 14. Bxe4 dxe4 15. c3 Nd5 16. Ng3 f6 17. exf6 exf6 18. Bh6 Bxh6 19. Qxh6 f5 20. Rfe1 Qc7 21. Nf1 Rae8 22. Qd2 f4 23. Qc2 e3 24. f3 Qe7 25. Re2 Qf6 26. Rae1 Rd8 27. Qb3 Rf7 28. Rd1 h5 29. Nh2 Kh8 30. Qc2 g5 31. Ree1 Rh7 32. Qe2 Qh6 33. Qd3 Qf6 34. Re2 Ne7 35. Ree1 Nf5 36. Qc4 Rd5 37. Qb3 Rg7 38. Qb6 Rgd7 39. Rb1 Qe6 40. Re2 Ng3 41. Rbe1 Qg6 42. Qb3 Nxe2+ 43. Rxe2 Qb1+ 44. Nf1 Qd3 45. Qc2 Qxc2 46. Rxc2 c5 47. dxc5 Rd1 0-1

[Event "Wch Seniors 20th"]
[Site "Arco"]
[Date "2010.10.28"]
[Round "3"]
[White "Aijala, Jouko"]
[Black "Chehlov, Aleksander"]
[Result "0-1"]
[WhiteElo "2157"]
[BlackElo "2259"]
[PlyCount "121"]
[EventDate "2010.10.26"]
[EventType "swiss"]
[EventRounds "11"]
[EventCountry "ITA"]
[SourceTitle "EXT 2011"]
[Source "ChessBase"]
[SourceDate "2010.11.26"]
[SourceVersion "1"]
[SourceVersionDate "2010.11.26"]
[SourceQuality "1"]

1. d4 Nf6 2. c4 e6 3. Nf3 b6 4. Nc3 Bb7 5. Bg5 Be7 6. e3 Ne4 7. Nxe4 Bxe4 8. Bxe7 Qxe7 9. Nd2 Bb7 10. f3 c5 11. dxc5 bxc5 12. Bd3 Nc6 13. 0-0 0-0 14. a3 a5 15. Ne4 d5 16. Nf2 h6 17. cxd5 exd5 18. e4 Nd4 19. Re1 Qd7 20. exd5 Bxd5 21. Be4 Bb3 22. Qd3 Rad8 23. Qc3 Qa7 24. Rac1 c4 25. Qe3 Qd7 26. Kh1 Rfe8 27. Qd2 Qa7 28. Qf4 Qb8 29. Qxb8 Rxb8 30. Nd1 Kf8 31. Ne3 Ne6 32. Re2 Nf4 33. Rd2 g6 34. g3 Nd3 35. Bxd3 Rxe3 36. Bxc4 Rc8 37. Rd4 Rxf3 38. Kg2 Re3 39. Kf2 Re5 40. Rc3 Rf5+ 41. Kg1 Bxc4 42. Rcxc4 Rb8 43. Rc2 Rb3 44. Rd7 h5 45. Kg2 Kg7 46. Rdd2 Rfb5 47. Kf2 f5 48. Kf1 Kh6 49. Ke1 Kg5 50. Kd1 h4 51. gxh4+ Kxh4 52. Kc1 g5 53. Rc8 f4 54. Rf8 Kg4 55. Rc8 Re3 56. Kc2 Rbe5 57. Rdd8 Re2+ 58. Rd2 f3 59. b4 axb4 60. axb4 R5e3 61. Kd1 0-1

[Event "St Petersburg June op"]
[Site "St Petersburg"]
[Date "2008.06.25"]
[Round "5"]
[White "Solovyov, Sergey V"]
[Black "Chehlov, Aleksander"]
[Result "1-0"]
[WhiteElo "2072"]
[BlackElo "2232"]
[PlyCount "67"]
[EventDate "2008.06.21"]
[EventType "swiss"]
[EventRounds "9"]
[EventCountry "RUS"]
[SourceTitle "CBM 125 Extra"]
[Source "ChessBase"]
[SourceDate "2008.09.01"]
[SourceVersion "1"]
[SourceVersionDate "2008.09.01"]
[SourceQuality "1"]

1. e4 c5 2. Nf3 Nc6 3. d4 cxd4 4. Nxd4 Nf6 5. Nc3 e5 6. Ndb5 d6 7. Bg5 a6 8. Na3 b5 9. Bxf6 gxf6 10. Nd5 f5 11. Bxb5 axb5 12. Nxb5 Ra4 13. b4 Qg5 14. 0-0 Rg8 15. g3 Kd8 16. c3 Ra6 17. Nbc7 Ra3 18. b5 Ne7 19. b6 Nc6 20. b7 Bxb7 21. Qb1 Kc8 22. Qb6 Qd8 23. Rab1 Ra7 24. exf5 h5 25. Rfd1 Rg4 26. f6 Rga4 27. Nb5 R4a6 28. Nxa7+ Rxa7 29. Qb5 Qa5 30. Qe2 Nd8 31. Qc4+ Kd7 32. Rb5 Qxa2 33. Rxb7+ Nxb7 34. Nb6+ 1-0

[Event "St Petersburg June op"]
[Site "St Petersburg"]
[Date "2008.06.23"]
[Round "3"]
[White "Chehlov, Aleksander"]
[Black "Karasev, Vladimir I"]
[Result "1/2-1/2"]
[WhiteElo "2232"]
[BlackElo "2416"]
[PlyCount "79"]
[EventDate "2008.06.21"]
[EventType "swiss"]
[EventRounds "9"]
[EventCountry "RUS"]
[SourceTitle "CBM 125 Extra"]
[Source "ChessBase"]
[SourceDate "2008.09.01"]
[SourceVersion "1"]
[SourceVersionDate "2008.09.01"]
[SourceQuality "1"]

1. e4 c5 2. Nf3 e6 3. d3 Nc6 4. g3 g6 5. Bg2 Bg7 6. 0-0 d6 7. c3 e5 8. Nbd2 Nge7 9. a4 h6 10. Nc4 Be6 11. Nfd2 0-0 12. Ne3 d5 13. exd5 Nxd5 14. Nec4 Nb6 15. Qe2 Bd5 16. f3 Nxc4 17. Nxc4 Re8 18. Qf2 b6 19. Ne3 Be6 20. f4 exf4 21. gxf4 Ne7 22. Be4 Nf5 23. a5 Rb8 24. axb6 axb6 25. Ra7 Nxe3 26. Bxe3 Bf5 27. Qf3 Bxe4 28. dxe4 Ra8 29. Rxa8 Qxa8 30. e5 Qa2 31. Qc6 Qe6 32. Qxe6 Rxe6 33. Kf2 f6 34. exf6 Bxf6 35. Rd1 Kf7 36. Rd7+ Be7 37. Kf3 Kf6 38. Rd5 Bd6 39. h3 h5 40. Bf2 1/2-1/2

[Event "Chigorin Memorial-B 15th"]
[Site "St Petersburg"]
[Date "2007.12.08"]
[Round "8"]
[White "Chehlov, Aleksander"]
[Black "Vlassow, Valentin"]
[Result "0-1"]
[WhiteElo "2233"]
[BlackElo "2388"]
[PlyCount "146"]
[EventDate "2007.11.30"]
[EventType "swiss"]
[EventRounds "9"]
[EventCountry "RUS"]
[SourceTitle "CBM 121 Extra"]
[Source "ChessBase"]
[SourceDate "2008.01.10"]
[SourceVersion "1"]
[SourceVersionDate "2008.01.10"]
[SourceQuality "1"]

1. e4 d5 2. exd5 Nf6 3. Nc3 Nxd5 4. Bc4 Nb6 5. Be2 Nc6 6. Nf3 Bf5 7. 0-0 e6 8. a3 Be7 9. d3 0-0 10. Ne4 h6 11. h3 Nd5 12. Ng3 Bg6 13. d4 Bf6 14. Re1 Re8 15. Bb5 Nde7 16. c3 a6 17. Ba4 b5 18. Bb3 Nd5 19. Ne4 Be7 20. Bc2 Bf8 21. Bb3 Nf6 22. Ng3 Bd6 23. Ne5 Bxe5 24. dxe5 Nd7 25. f4 Nc5 26. Be3 Nd3 27. Rf1 Nxb2 28. Qf3 Na5 29. Ba2 Nac4 30. Rf2 Qd3 31. Bc5 Qxf3 32. Rxf3 Rad8 33. a4 Nxa4 34. Bf2 Nd2 35. Re3 c5 36. Be1 b4 37. cxb4 cxb4 38. Re2 b3 39. Bxb3 Nxb3 40. Rxa4 Rd1 41. Kh2 Rc8 42. Bf2 Rc6 43. Rea2 Bd3 44. Rb4 Bc2 45. Bg1 a5 46. Rb8+ Kh7 47. Bb6 Rd5 48. Bd8 Rc4 49. Nf1 Rd3 50. Bxa5 Nxa5 51. Rxa5 Rxf4 52. Ra1 Bb3 53. Re1 Bd5 54. Rb2 Rdd4 55. Ng3 g6 56. Ne2 Rde4 57. Nxf4 Rxe1 58. Nxd5 exd5 59. Rb7 Kg7 60. Re7 Kf8 61. Rd7 Rxe5 62. g4 Ke8 63. Ra7 d4 64. Kg3 d3 65. Ra1 d2 66. Rd1 Rd5 67. h4 Ke7 68. Kf4 Ke6 69. Ke4 f5+ 70. gxf5+ gxf5+ 71. Kf4 Rd4+ 72. Ke3 Ke5 73. Ke2 Ke4 0-1

[Event "Chigorin Memorial-B 15th"]
[Site "St Petersburg"]
[Date "2007.12.03"]
[Round "3"]
[White "Palchun, Grigory"]
[Black "Chehlov, Aleksander"]
[Result "0-1"]
[WhiteElo "2051"]
[BlackElo "2233"]
[PlyCount "78"]
[EventDate "2007.11.30"]
[EventType "swiss"]
[EventRounds "9"]
[EventCountry "RUS"]
[SourceTitle "CBM 121 Extra"]
[Source "ChessBase"]
[SourceDate "2008.01.10"]
[SourceVersion "1"]
[SourceVersionDate "2008.01.10"]
[SourceQuality "1"]

1. d4 Nf6 2. Nf3 g6 3. Bf4 Bg7 4. e3 d6 5. h3 b6 6. c3 Bb7 7. Nbd2 Nbd7 8. Bc4 0-0 9. 0-0 a6 10. a4 c5 11. Bh2 h6 12. Qe2 Qc7 13. e4 e5 14. dxe5 dxe5 15. Rfd1 Nh5 16. Nf1 Nf4 17. Qd2 Rad8 18. Qd6 Qxd6 19. Rxd6 Nb8 20. Rad1 Nc6 21. Ne3 Rxd6 22. Rxd6 Rd8 23. Rxd8+ Nxd8 24. Nd5 Bxd5 25. exd5 a5 26. Bxf4 exf4 27. Ba6 f5 28. Nd2 Be5 29. Nc4 Bc7 30. Kf1 Nf7 31. Ke2 Kg7 32. Bc8 Kf6 33. Be6 Ng5 34. d6 f3+ 35. gxf3 Bd8 36. Bc8 Nxh3 37. Ke3 g5 38. Na3 Nf4 39. Nb5 h5 0-1

[Event "Chigorin Memorial-B 15th"]
[Site "St Petersburg"]
[Date "2007.12.02"]
[Round "2"]
[White "Chehlov, Aleksander"]
[Black "Zakharov, Yuri Vasilievich"]
[Result "1-0"]
[WhiteElo "2233"]
[BlackElo "2091"]
[PlyCount "109"]
[EventDate "2007.11.30"]
[EventType "swiss"]
[EventRounds "9"]
[EventCountry "RUS"]
[SourceTitle "CBM 121 Extra"]
[Source "ChessBase"]
[SourceDate "2008.01.10"]
[SourceVersion "1"]
[SourceVersionDate "2008.01.10"]
[SourceQuality "1"]

1. e4 d6 2. d4 Nf6 3. Nc3 g6 4. f4 Bg7 5. Nf3 0-0 6. Bd3 c5 7. dxc5 dxc5 8. 0-0 Nc6 9. Be3 b6 10. h3 Bb7 11. a3 Rc8 12. Qe1 e6 13. Rd1 Qe7 14. e5 Nd5 15. Be4 Nxc3 16. Qxc3 Nxe5 17. fxe5 Bxe4 18. Bg5 f6 19. exf6 Bxf6 20. Bxf6 Rxf6 21. Rd7 Qxd7 22. Qxf6 Bxf3 23. Qxf3 e5 24. c3 Re8 25. Qe4 Kg7 26. h4 h5 27. Rf3 Qe6 28. Rg3 Rf8 29. Re3 Rf5 30. g3 Qb3 31. Qb7+ Rf7 32. Qg2 Qd1+ 33. Kh2 Qd6 34. Re2 Re7 35. Qe4 Qf6 36. Qg2 Qf5 37. Rf2 Qe6 38. Qe4 c4 39. Re2 b5 40. Kg2 a6 41. Rf2 Rd7 42. Kh2 Qd5 43. Qe3 e4 44. Qb6 Qd6 45. Qe3 Qd3 46. Qf4 Qd5 47. Qf6+ Kh7 48. Qf4 Re7 49. Qf8 Rg7 50. Qc8 Qb7 51. Rf8 Kh6 52. Rh8+ Rh7 53. Qf8+ Qg7 54. Qf4+ g5 55. hxg5+ 1-0

[Event "St Petersburg White Nights op"]
[Site "St Petersburg"]
[Date "2007.07.01"]
[Round "7"]
[White "Chehlov, Aleksander"]
[Black "Bragina, Anastasia"]
[Result "1-0"]
[WhiteElo "2208"]
[BlackElo "2050"]
[PlyCount "101"]
[EventDate "2007.06.25"]
[EventType "swiss"]
[EventRounds "9"]
[EventCountry "RUS"]
[SourceTitle "CBM 119 Extra"]
[Source "ChessBase"]
[SourceDate "2007.09.04"]
[SourceVersion "1"]
[SourceVersionDate "2007.09.04"]
[SourceQuality "1"]

1. e4 c5 2. Nf3 e6 3. c3 d5 4. exd5 exd5 5. d4 Bd6 6. Be3 cxd4 7. Nxd4 Nc6 8. Be2 Nge7 9. Nd2 0-0 10. N2f3 a6 11. h3 Qc7 12. Bd3 Ne5 13. Nxe5 Bxe5 14. 0-0 Nc6 15. Rc1 h6 16. Bb1 Bf4 17. Qd3 g6 18. Qd2 Bxe3 19. Qxe3 Qe5 20. Qxe5 Nxe5 21. Rfe1 Nc6 22. Rcd1 Kg7 23. Bc2 Rd8 24. Bb3 Rd6 25. f3 Na5 26. Re8 Nxb3 27. axb3 b6 28. Rde1 Rd7 29. g4 Bb7 30. Kf2 Rxe8 31. Rxe8 Kf6 32. h4 b5 33. b4 Rc7 34. f4 Bc8 35. Kg3 Bd7 36. g5+ hxg5 37. hxg5+ Kg7 38. Re5 Bc8 39. Rxd5 f6 40. Rc5 Rxc5 41. bxc5 fxg5 42. fxg5 Kf7 43. b4 Ke7 44. Kf4 Bh3 45. Ke5 Bg2 46. Ne2 Bh3 47. Nf4 Bf5 48. c6 Bc2 49. Nd5+ Kd8 50. Kd6 Bf5 51. Ne7 1-0

[Event "Chigorin Memorial 13th"]
[Site "St Petersburg"]
[Date "2005.10.19"]
[Round "5"]
[White "Gavrilov, Alexei"]
[Black "Chehlov, Aleksander"]
[Result "1-0"]
[WhiteElo "2481"]
[BlackElo "2207"]
[PlyCount "173"]
[EventDate "2005.10.15"]
[EventType "swiss"]
[EventRounds "9"]
[EventCountry "RUS"]
[SourceTitle "CBM 108 Extra"]
[Source "ChessBase"]
[SourceDate "2005.11.04"]
[SourceVersion "1"]
[SourceVersionDate "2005.11.04"]
[SourceQuality "1"]

1. d4 Nf6 2. c4 e6 3. Nf3 b6 4. a3 Bb7 5. Nc3 d5 6. cxd5 exd5 7. g3 Be7 8. Qa4+ c6 9. Bg2 0-0 10. 0-0 Nbd7 11. Rd1 Bd6 12. Nh4 Re8 13. Nf5 Bf8 14. Bg5 h6 15. Bf4 b5 16. Qc2 Nb6 17. b3 Bc8 18. Bd2 a5 19. Ne3 Bd7 20. Rdc1 g6 21. a4 b4 22. Ncd1 Ne4 23. Nf1 Rc8 24. Be3 h5 25. f3 Nd6 26. Qd2 Bf5 27. Nb2 Nd7 28. Bf2 Bg7 29. Ra2 Qb6 30. h3 Nb7 31. Nd1 Qa6 32. Nfe3 Bh6 33. f4 Be4 34. Bxe4 Rxe4 35. Nxd5 Nd6 36. N5e3 Bg7 37. Nc4 Nxc4 38. Rxc4 Nb6 39. Rc5 Nd5 40. Qd3 Qxd3 41. exd3 Rxd4 42. Rd2 Nc3 43. Nxc3 bxc3 44. Rxc3 Rxa4 45. bxa4 Bxc3 46. Rc2 Bb4 47. Kg2 Rd8 48. d4 Rd6 49. Kf3 f6 50. f5 Kf7 51. g4 hxg4+ 52. hxg4 gxf5 53. gxf5 Ke7 54. Ke4 Kd7 55. Bh4 Ba3 56. Rg2 c5 57. d5 Rb6 58. Rg7+ Ke8 59. Be1 Bb4 60. Bg3 c4 61. Rc7 c3 62. Kd3 Kd8 63. Rc6 Rxc6 64. dxc6 Kc8 65. Kc2 Kd8 66. Kd3 Kc8 67. Bh4 Be7 68. Be1 Kc7 69. Bxc3 Kxc6 70. Bxa5 Kd5 71. Bc3 Bd8 72. Ke3 Kc4 73. Be1 Kd5 74. Kf4 Bc7+ 75. Kg4 Ke4 76. Bc3 Bd8 77. a5 Kd5 78. a6 Kc6 79. Bd4 Kc7 80. Kh5 Kb8 81. Kg6 Ka8 82. Kf7 Kb8 83. Ke8 Ba5 84. Ke7 Be1 85. Kxf6 Bh4+ 86. Ke6 Ka8 87. Bc5 1-0

[Event "Chigorin Memorial 12th"]
[Site "St Petersburg"]
[Date "2004.10.19"]
[Round "4"]
[White "Minina, Veronika"]
[Black "Chehlov, Aleksander"]
[Result "0-1"]
[WhiteElo "2002"]
[BlackElo "2256"]
[PlyCount "94"]
[EventDate "2004.10.16"]
[EventType "swiss"]
[EventRounds "9"]
[EventCountry "RUS"]
[SourceTitle "EXT 2005"]
[Source "ChessBase"]
[SourceDate "2004.11.15"]
[SourceVersion "1"]
[SourceVersionDate "2004.11.15"]
[SourceQuality "1"]

1. d4 Nf6 2. c4 e6 3. g3 c5 4. d5 exd5 5. cxd5 d6 6. Nc3 g6 7. Bg2 Bg7 8. Nf3 0-0 9. 0-0 Re8 10. Bf4 a6 11. a4 Qc7 12. Nd2 Nh5 13. Bg5 h6 14. Be3 Rxe3 15. fxe3 Nd7 16. Nc4 Ne5 17. Nxe5 Bxe5 18. Qd2 Bd7 19. Rf2 Rf8 20. Raf1 Bg7 21. Ne4 f5 22. Nc3 Nf6 23. e4 Ng4 24. Rf4 g5 25. R4f3 Ne5 26. R3f2 Nc4 27. Qd3 Nxb2 28. Qc2 Nc4 29. Nd1 b5 30. axb5 axb5 31. e3 Ne5 32. exf5 Bf6 33. Qe2 b4 34. h4 c4 35. hxg5 hxg5 36. Be4 Bb5 37. Nb2 Rb8 38. Qd1 c3 39. Nd3 Bxd3 40. Bxd3 b3 41. Bb1 Qc4 42. Re2 Qg4 43. Kg2 Kg7 44. Ref2 Rh8 45. Qxg4 Nxg4 46. Rf3 c2 47. Bxc2 bxc2 0-1

[Event "Chigorin Memorial 12th"]
[Site "St Petersburg"]
[Date "2004.10.17"]
[Round "2"]
[White "Lychik, Robert Ivanovich"]
[Black "Chehlov, Aleksander"]
[Result "1-0"]
[WhiteElo "2046"]
[BlackElo "2256"]
[PlyCount "151"]
[EventDate "2004.10.16"]
[EventType "swiss"]
[EventRounds "9"]
[EventCountry "RUS"]
[SourceTitle "EXT 2005"]
[Source "ChessBase"]
[SourceDate "2004.11.15"]
[SourceVersion "1"]
[SourceVersionDate "2004.11.15"]
[SourceQuality "1"]

1. e4 e5 2. Bc4 Nf6 3. Nc3 Nc6 4. Nf3 d6 5. h3 Be7 6. d4 exd4 7. Nxd4 0-0 8. Be3 Nxe4 9. Nxc6 bxc6 10. Nxe4 d5 11. Bd3 dxe4 12. Bxe4 Bd7 13. Qd3 h6 14. Rd1 Bd6 15. 0-0 Qh4 16. Bf5 Bxf5 17. Qxf5 Rfe8 18. Rd4 Qe7 19. Rg4 Qe5 20. Qxe5 Bxe5 21. b3 Re6 22. Ra4 a6 23. Rd1 Bd6 24. Kf1 f5 25. Rc4 a5 26. Rxc6 a4 27. Bf4 axb3 28. axb3 Ra2 29. Bxd6 cxd6 30. Re1 Kf7 31. c4 Rxe1+ 32. Kxe1 Rb2 33. Rb6 g5 34. Rxd6 Rxb3 35. Rxh6 Rb1+ 36. Kd2 Rb2+ 37. Ke3 Rc2 38. Rc6 Ke7 39. g3 Rc3+ 40. Kd2 Rf3 41. Ke2 Rc3 42. Rg6 Rxc4 43. Rxg5 Kf6 44. h4 Ra4 45. Rg8 Ra2+ 46. Kf3 Ra3+ 47. Kg2 Kf7 48. Rb8 Kf6 49. Rb6+ Kf7 50. h5 Kg7 51. h6+ Kh7 52. Rf6 Rb3 53. f3 Ra3 54. Rxf5 Ra2+ 55. Kh3 Kxh6 56. Kg4 Kg6 57. f4 Ra3 58. Rd5 Ra6 59. Kh4 Ra4 60. Kg4 Ra6 61. Rd4 Kf6 62. Re4 Ra5 63. f5 Ra3 64. Re6+ Kf7 65. Kh4 Rf3 66. g4 Rf1 67. Rb6 Ra1 68. Kg5 Ra7 69. Rh6 Kg7 70. f6+ Kg8 71. Kg6 Ra6 72. g5 Rb6 73. Rh1 Rb7 74. f7+ Rxf7 75. Rh8+ Kxh8 76. Kxf7 1-0